| 000 | nam a22 7a 4500 | ||
|---|---|---|---|
| 999 |
_c29840 _d29840 |
||
| 003 | OSt | ||
| 005 | 20181101100937.0 | ||
| 008 | 180920b xxu||||| |||| 00| 0 eng d | ||
| 050 |
_aHD9736 .I52M83 2011 _b.152M83 2011 |
||
| 100 | _aMukabana Floice Okenzo | ||
| 245 |
_aSocio-economic factors affecting growth of micro and small scale manufacturing enterprises : _ba survey of select firms in the food and beverage industry in Kenya/ |
||
| 260 |
_aKenya : _bFloice Mukabana, _c2011. |
||
| 300 |
_axii, 77p. : _bill. ; _c30cm. |
||
| 521 | _aMBA | ||
| 650 | _aSmall business | ||
| 650 |
_aManufacturing industries _xKenya |
||
| 942 |
_2lcc _cRESEARCH _hHD9736 .I52M83 2011 |
||